000 01163nac a22003377a 4500
001 BR2010002225
003 BR-BrBNA
005 20240105123831.0
008 230509b bl.|||m| |||| 00| 0 por d
040 _aBR-BrBNA
_bpor
_cBiblioteca Nacional de Agricultura
072 _aU40; E11; P01
090 _aU40 BR2010002225
100 1 _aWeel, S.
100 1 _aValladares, G.S.
100 1 _aQuartaroli, C.F.
100 1 _aHott, M.C.
110 1 _aEMBRAPA Monitoramento por Satélite, Campinas, SP (Brasil)
245 1 _aAvaliação de técnicas de classificação de imagens landsat na detecção de alterações do uso e cobertura das terras do município de Campinas-SP
260 3 _aCampinas, SP (Brasil):
_c2006.
300 _a28 p.
490 _aBoletim de Pesquisa e Desenvolvimento - EMBRAPA Monitoramento por Satélite (Brazil)
_vno. 5
_xISSN 1806-3322
500 _a6 illus.; 37 ref.
650 _aUSO DA TERRA
650 _aVEGETAÇÃO
650 _aSENSORIAMENTO REMOTO
650 _aSATÉLITE
650 _aRECURSO DA TERRA
650 _aECOSSISTEMA
909 _a202312
_bLúcia Elande
_c55
_dLúcia Elande
942 _2AGRIS
_n0
_cMS
999 _c297187
_d297187